00571nam a22001577a 450000500170000000800410001702000220005804100080008008200160008810000940010424501080019825000190030626000550032530000100038065000230039020251127182156.0251125b |||||||| |||| 00| 0 eng d a978-81-933819-5-3 aeng a615.1 CHE-P aD.M. DR CHETAN 2- V.M. DR. CHANDRASHEKHAR 3- H.L DR RAGHAVENDRA 4- BARANGI, DR. SUJATHA . aPHARMACOLOGY MULTIPLE CHOICE QUESTIONS [MCQ] : For all india postgraduate medical entrance examination  are. p ed. 2020 aNEW DELHIbINNOVATIVE PUBLICATIONS PVT LTD c2020 a117;P aPHARMACYxB.PHARMA